000 00770nam a2200217 i 4500
001 164382
003 ES-MaACL
005 20230906212927.0
008 050803s1895 xxk |||| | eng d
100 1 _aSaintsbury, George.
_9101564
245 1 0 _aEssays on english literature
_b: 1780-1860 /
_cby George Saintsbury.
260 _aLondon :
_bJ.M. Dent & Co.,
_c1895 (
_eEdinburgh :
_fTurnbull and Spears)
300 _aIX, 423 p. ;
_c20 cm.
500 _aEn port. consta : "Second series"
650 0 4 _aLiteratura inglesa-
_xHistoria y crítica.
_914628
700 1 _aDent, J.M.
_9126754
700 1 _aTurnbull and Spears.
_9133419
752 _aGran Bretaña -
_dLondres
752 _aGran Bretaña -
_dEdimburgo
852 _aES-MaACL
_jC-1013
_z- Enc. ed. en tela
999 _c164382
_d164382